00411pab a2200145 454500008004000000100001500040245007400055260000900129300001500138362001100153650002700164700002200191700001800213773003400231180718b2001 xxu||||| |||| 00| 0 eng d aVidhya, U. aWomen in psychological distress: evidence from a hospital-based study c2001 ap.4081-087 a27 Oct aWomens health services aVijayalakshmi, V. aKiranmayi, A. aEconomic and Political Weekly